| 000 | 005820000a22001810004500 | ||
|---|---|---|---|
| 090 |
_aAR _b01210 |
||
| 245 | 1 | 0 | _aAreas bajo régimen de administración especial (<Abrae>) |
| 650 | 1 | 4 |
_aAreas protegidas _978 |
| 650 | 1 | 4 |
_aOrdenamiento territorial _992437 |
| 650 | 1 | 4 |
_aBiología de la conservación _93740 |
| 650 | 1 | 4 |
_aUso de la tierra _994245 |
| 651 | 4 |
_dBolivar _pVenezuela _992749 |
|
| 041 | 0 | _aEspañol | |
| 700 | 1 |
_aOchoa G., José _912291 |
|
| 100 | 1 |
_aBevilocqua, Mariapía _994470 |
|
| 942 | _cARTICULO | ||
| 773 | 1 |
_tEcología de la Cuenca del Río Caura _3448 _q107-128 _d1996 |
|
| 999 |
_c10296 _d10296 |
||